000 00639nam a22002297a 4500
003 DO-SdBNP
005 20220606093023.0
007 ta
008 210921b 2021 dr 00| 0 eng d
020 _a9789945505160
040 _aDO-SdBNP
_bspa
_cBNPHU
082 4 _axxx
_bC965p
100 1 _aCuevas, Ernesto
_979978
245 1 _aPalabras de vida /
_cErnesto Cuevas
260 _aSanto Domingo :
_bCentenario,
_c2021.
300 _av. ;
_c23 cm.
500 _aIncluye datos biográficosdel autor en la contracubierta
500 _aLa biblioteca posee el tomo I
590 _aInventariado, 2021/BT
910 _aBtavárez
942 _2ddc
_cLBS1
999 _c50603
_d50603